Statystyki dla Trenerzy w Premier League

Kliknij tutaj aby rozwiązać quiz!

Ogólne statystyki

  • Ten quiz został rozwiązany 45 razy
    (6 od ostatniego zresetowania)
  • Średni wynik to 20 z 24

Statystyki odpowiedzi

Kraj% Poprawnych
Argentyna
100%
Dania
100%
Hiszpania
100%
Holandia
100%
Irlandia
100%
Irlandia Północna
100%
Niemcy
100%
Portugalia
100%
Stany Zjednoczone
100%
Szkocja
100%
Walia
100%
Austria
80%
Brazylia
80%
Chile
80%
Francja
80%
Norwegia
80%
Urugwaj
80%
Włochy
80%
Chorwacja
60%
Serbia
60%
Szwajcaria
60%
Szwecja
60%
Jamajka
40%
Izrael
20%

Rozkład punktacji

Percentyl według liczby udzielonych odpowiedzi

Procent ludzi z każdym wynikiem

Twoja historia wyników

Nie rozwiązałeś tego quizu od ostatniego zresetowania